Statistics for North Macedonia Country Quiz

Click here to take the quiz!

General Stats

  • This quiz has been taken 123 times
    (83 since last reset)
  • The average score is 18 of 23

Answer Stats

Hint Answer % Correct
Country it was part of until 1992Yugoslavia
97%
Capital city of North MacedoniaSkopje
96%
Religion to which 33% of the population belongIslam
94%
Smallest country that borders North MacedoniaKosovo
94%
Official languagesMacedonian
93%
Dominant branch of ChristianityEastern Orthodox
93%
Military alliance it joined in 2020NATO
92%
Type of natural disaster that devastated the capital in 1963Earthquake
92%
North Macedonia changed its name in 2019 due to a dispute with this countryGreece
89%
Empire North Macedonia was part of between
mid-14th century to 1912
{Ottoman} Empire
89%
Most popular sportSoccer
89%
Peninsula North Macedonia is situated onBalkans
88%
Famous Catholic nun that was born in the capital in 1910Mother Teresa
88%
Most-used alphabet in North MacedoniaCyrillic
83%
Official languagesAlbanian
83%
Ethnic group that includes Macedonians, Poles, and CroatsSlavs
83%
Arabic-sounding currency of North MacedoniaDenar
82%
Former acronym of the country nameFYROM
64%
The fourth deepest and oldest lake in EuropeLake {Ohrid}
54%
About half of half of North Macedonia's exports are shipped to this countryGermany
51%
Empire that controlled the area between 681–1422{Bulgarian} Empire
40%
Sport in which North Macedonia has won its only Olympic medal (bronze)Wrestling
40%
The former flag of North Macedonia caused controversies
for containing this solar symbol on it
{Vergina} Sun
31%

Score Distribution

Percentile by Number Answered

Percent of People with Each Score

Your Score History

You have not taken this quiz since the last reset